Система автоматического управления нагревом барабанной печи при производстве безводного фтороводорода; Современные техника и технологии; Т. 1

Бібліографічні деталі
Parent link:Современные техника и технологии: сборник трудов XVI Международной научно-практической конференции студентов, аспирантов и молодых ученых, Томск, 12-16 апреля 2010 г/ Национальный исследовательский Томский политехнический университет (ТПУ).— , 2010
Т. 1.— 2010.— [С. 415-416]
Автор: Дмитриенко В. Н. Виталий Николаевич
Інші автори: Дементьев Ю. Н. (научный руководитель)
Резюме:Заглавие с титульного листа
Электронная версия печатной публикации
Мова:Російська
Опубліковано: 2010
Предмети:
Онлайн доступ:http://www.lib.tpu.ru/fulltext/v/Conferences/2010/K04/104210.pdf
Формат: MixedMaterials Електронний ресурс Частина з книги
KOHA link:https://koha.lib.tpu.ru/cgi-bin/koha/opac-detail.pl?biblionumber=228290

MARC

LEADER 00000nla2a2200000 4500
001 228290
005 20240117144856.0
035 |a (RuTPU)RU\TPU\book\248749 
035 |a RU\TPU\book\248745 
090 |a 228290 
100 |a 20121218d2010 k y0rusy50 ca 
101 0 |a rus 
102 |a RU 
105 |a y z 101zy 
135 |a drnn ---uucaa 
181 0 |a i  
182 0 |a b 
200 1 |a Система автоматического управления нагревом барабанной печи при производстве безводного фтороводорода  |f В. Н. Дмитриенко  |g науч. рук. Ю. Н. Дементьев 
203 |a Текст  |c электронный 
215 |a 1 файл (252 Кб) 
300 |a Заглавие с титульного листа 
300 |a Электронная версия печатной публикации 
337 |a Adobe Reader 
461 0 |0 (RuTPU)RU\TPU\book\245271  |t Современные техника и технологии  |o сборник трудов XVI Международной научно-практической конференции студентов, аспирантов и молодых ученых, Томск, 12-16 апреля 2010 г  |o в 3 т.  |f Национальный исследовательский Томский политехнический университет (ТПУ)  |d 2010 
463 0 |0 (RuTPU)RU\TPU\book\245275  |t Т. 1  |v [С. 415-416]  |d 2010  |p [511 с.] 
610 1 |a барабанные печи 
610 1 |a нагрев 
610 1 |a системы автоматического управления 
610 1 |a безводный фтороводород 
610 1 |a производство 
610 1 |a электронный ресурс 
610 1 |a труды учёных ТПУ 
700 1 |a Дмитриенко  |b В. Н.  |c специалист в области электротехники  |c доцент Томского политехнического университета, кандидат технических наук  |f 1987-  |g Виталий Николаевич  |3 (RuTPU)RU\TPU\pers\41898  |9 21448 
702 1 |a Дементьев  |b Ю. Н.  |4 727 
801 1 |a RU  |b 63413507  |c 20121116 
801 2 |a RU  |b 63413507  |c 20220112  |g RCR 
856 4 |u http://www.lib.tpu.ru/fulltext/v/Conferences/2010/K04/104210.pdf 
942 |c CF